Von Aldianer bis Zauselquote neue deutsche Wörter

Salvato in:
Dettagli Bibliografici
Autore principale: Lemnitzer, Lothar
Natura: Libro
Lingua:tedesco
Pubblicazione: Tübingen Gunter Narr Verlag 2007
Soggetti:
Tags: Aggiungi Tag
Nessun Tag, puoi essere il primo ad aggiungerne!!

MARC

LEADER 00000nam a2200000 4500
001 0118902
005 20230110101839.2
020 |a 978-3-8233--6351-4 
041 0 |a ger 
044 |a DE 
245 1 0 |a Von Aldianer bis Zauselquote  |b neue deutsche Wörter  |c Lothar Lemnitzer 
264 1 |a Tübingen  |b Gunter Narr Verlag  |c 2007 
300 |a 110 s. 
610 2 0 |a jazykoveda 
610 2 0 |a terminológia 
610 2 0 |a nemčina 
100 1 |a Lemnitzer, Lothar